| 000 | 00597nam a2200193 a 4500 | ||
|---|---|---|---|
| 001 | 000035376 | ||
| 005 | 20200930074309.0 | ||
| 008 | 111028s1959 sp 000 0 spa d | ||
| 040 |
_aDO-SdBNP _bspa _cBNPHU |
||
| 082 |
_axxxx _bxxxx |
||
| 100 | 1 |
_aGoethe, Johann Wolfgang Von, _d1749-1832 _912995 |
|
| 245 | 1 | 0 |
_aFausto / _cJohann Von Wolfgang Goethe. |
| 260 |
_aMadrid, : _bAguilar, _c1959. |
||
| 300 |
_a571 p. ; _c13. |
||
| 490 | 1 |
_aCrisol _v13 |
|
| 504 | _aBibliografía : p. 17 | ||
| 590 | _aPerteneció a la biblioteca personal de Juan Isidro Jimenes Grullón | ||
| 830 | 0 |
_aCrisol _n13 _961189 |
|
| 999 |
_c34867 _d34867 |
||